000 00374pab a2200157 454500
008 180718b2008 xxu||||| |||| 00| 0 eng d
100 _aSingh, Rajeev
245 _aPotential of a carbon finance fund
260 _c2008
300 _ap.17-19.
362 _a1 Nov
650 _aClimatic change
773 _aEconomic and Political Weekly
908 _aN
909 _a80045
999 _c80045
_d80045